000 00658nam a2200253Ia 4500
003 OSt
005 20221007100952.0
006 a|||||r|||| 00| 0
007 ta
008 221006b |||||||| |||| 00| 0 eng d
020 _a0220668159
024 _a5,572
037 _cTextual
040 _aLCO
_cLCO
_beng
041 _2eng
_aeng
082 _aZ3,2671, L1
100 _aBiddlecombe P.
_9702393
245 0 _aGoodwill
_b The Wasted Asset
260 _aLondon
_bBusiness Books Ltd. U.K.
_c1971
300 _a175
650 _aGOODWILL
_9702394
942 _hZ3,2671, L1
_cTEXL
999 _c1175135
_d1175135